| 000 | 00789nam a2200241 a 4500 | ||
|---|---|---|---|
| 001 | 000023269 | ||
| 005 | 20200930022112.0 | ||
| 020 | _a9788415605195 | ||
| 040 |
_aDO-SdBNP _bspa _cBNPHU |
||
| 082 |
_a891.73 _bD724c, 2012 |
||
| 100 | 1 |
_aDostoyevski, Fiodor, _d1821-1881 _947909 |
|
| 245 | 1 | 0 |
_aCrimen y castigo / _cFiodor Dostoiewski ; traducción Montserrat Oromí ; prólogo y presentación Francesc Ll. Cardona. |
| 260 |
_aBarcelona : _bEdiciones Brontes, _c2012. |
||
| 300 |
_a344 p. ; _c17 cm. |
||
| 490 | 1 | _aAbierta | |
| 650 | 4 |
_aNovela rusa _94742 |
|
| 650 | 4 |
_aLiteratura rusa _94743 |
|
| 700 | 1 | 2 |
_aOromí, Montserrat, _etr. _947910 |
| 700 | 1 | 2 |
_aCardona, Francesc Ll., _epról. _947911 |
| 830 | 0 |
_aAbierta _947912 |
|
| 910 | _aValidado. Control de calidad BNPHU | ||
| 049 | _aBNGR | ||
| 999 |
_c22766 _d22766 |
||